| 000 | 00717nam a22002057a 4500 | ||
|---|---|---|---|
| 999 |
_c5032 _d5032 |
||
| 003 | AR-CdUCM | ||
| 008 | 190311b ||||| |||| 00| 0 spa d | ||
| 040 |
_aMUNICIPALIDAD PROVINCIAL DEL CUSCO _cBIBLIOTECA MUNICIPAL DEL CUSCO |
||
| 082 |
_a869.56 / _bH41V |
||
| 100 |
_aHeraud, Javier _92783 |
||
| 245 | _aEl viaje / | ||
| 260 |
_aLima : _bEdiciones "Cuadernos Trimestrales de Poesía" : _b[Imprenta "Minerva"], _c1961. |
||
| 300 |
_a[s.n] ; _c17 cm. |
||
| 500 | _aDonación de la familia Nieto. Primer primeo "El poeta joven del Perú". | ||
| 650 |
_aPoesía peruana - Siglo XX _914083 |
||
| 650 |
_aPoetas peruanos _91611 |
||
| 650 |
_aJavier Heraud - Poemas _915370 |
||
| 942 |
_2ddc _cLIBROS |
||
| 945 | _alccs | ||